Epistolarios de Joaquín Sorolla. I. Correspondencia con Pedro Gil Moreno de Mora (Record no. 71976)

MARC details
000 -LEADER
campo de control de longitud fija 00690nmm a2200205Ia 4500
008 - DATOS DE LONGITUD FIJA--INFORMACIÓN GENERAL
campo de control de longitud fija 251105s9999||||xx |||||||||||||||||und||
020 ## - NÚMERO INTERNACIONAL ESTÁNDAR DEL LIBRO
Número Internacional Estándar del Libro 9788476588253
041 ## - CÓDIGO DE IDIOMA
Código de lengua del texto/banda sonora o título independiente spa
100 ## - ENTRADA PRINCIPAL--NOMBRE DE PERSONA
Nombre de persona Tomás, Facundo
245 #0 - MENCIÓN DEL TÍTULO
Título Epistolarios de Joaquín Sorolla. I. Correspondencia con Pedro Gil Moreno de Mora
264 ## - PRODUCCIÓN, PUBLICACIÓN, DISTRIBUCIÓN, FABRICACIÓN Y COPYRIGHT
Producción, publicación, distribución, fabricación y copyright [Madrid, España] :
Nombre del de productor, editor, distribuidor, fabricante Anthropos,
Fecha de producción, publicación, distribución, fabricación o copyright 2007
300 ## - DESCRIPCIÓN FÍSICA
Extensión 397 páginas
490 ## - MENCIÓN DE SERIE
Mención de serie Autores, textos y temas. Teoría e historia de las artes
650 ## - PUNTO DE ACCESO ADICIONAL DE MATERIA--TÉRMINO DE MATERIA
Término de materia o nombre geográfico como elemento de entrada Painting & Decorative Arts
700 ## - ENTRADA AGREGADA--NOMBRE PERSONAL
Nombre de persona Tomás, Facundo
700 1# - ENTRADA AGREGADA--NOMBRE PERSONAL
Nombre de persona Garín, Felipe
700 1# - ENTRADA AGREGADA--NOMBRE PERSONAL
Nombre de persona Justo, Isabel Y Barrón, Sofía (Eds.)
856 ## - LOCALIZACIÓN Y ACCESO ELECTRÓNICOS
Identificador Uniforme de Recursos <a href="https://public.digitaliapublishing.com/a/15729">https://public.digitaliapublishing.com/a/15729</a>
942 ## - ELEMENTOS DE ENTRADA SECUNDARIOS (KOHA)
Tipo de ítem Koha Libro Digital

No items available.

Powered by Koha